000 nam a22 7a 4500
999 _c26292
_d26292
008 170203b xxu||||| |||| 00| 0 eng d
020 _a9780135028926
020 _a9780136089070
020 _a0135028922
050 _aLB1576
_b.T66 2010
100 _aTompkins Gail E.
245 _aLiteracy for the 21st century :
_b a balanced approach /
250 _a5th ed
260 _aBoston, Mass. :
_bAllyn & Bacon,
_c©2010.
300 _axxv, 509 p. :
_bill. (some color) ;
_c26 cm
650 _aLanguage arts
_x(Elementary)
650 _aLiterature -- Study and teaching
_x(Elementary)
650 _aReading (Elementary)
942 _2lcc
_cBOOKS
_hLB1576 .T66 2010